000 01284cam a2200277 4500
008 040128n2003 000 0 eng u
020 _a1873394640
035 _a(Sirsi) u124935
041 _aeng
050 _a691.5
_c18
100 _aFarey, M.
245 _aHydraulic lime mortar for stone brick and block masonry
260 _aShaftesbury
_bDonhead
_c2003
300 _ax, 84p.
_c25cm
350 _a20
520 _aThis best practice guide to using hydraulic lime mortar is the result of a research project which studied the performance application and classificiation of hydraulic limes for the construction industry. It examines in detail the functions and properties of hydraulic lime mortars, the constituent materials, workmanship, appearance, strength requirements and all aspects of selecting for durability in various types of weather condtions. The book contains tables and charts with all the required data to support the text, in addition to a section of colour illustrations showing lime mortar in use.
650 _aLIME MORTARS
690 _aBUILT ENVIRONMENT-BUILDING MATERIALS
700 _aAllen, J.
700 _aElton, N.
700 _aFarey, M.
700 _aHolmes, S.
700 _aLivesey, P.
700 _aRadonjic, M.
942 _n0
999 _c103316
_d103316